| 000 | 00696nam a2200253Ia 4500 | ||
|---|---|---|---|
| 003 | OSt | ||
| 005 | 20221007082051.0 | ||
| 006 | a|||||r|||| 00| 0 | ||
| 007 | ta | ||
| 008 | 221006b |||||||| |||| 00| 0 eng d | ||
| 024 | _a43,013 | ||
| 037 | _cTextual | ||
| 040 |
_aFLL _cFLL _beng |
||
| 041 |
_2eng _aeng |
||
| 082 | _aZ3,93, Q5 | ||
| 100 |
_aBianchi A. Ed. _9698641 |
||
| 245 | 0 | _aInterpretation in international law | |
| 260 |
_aUK _bOxford University Press _c2015 |
||
| 300 |
_axxvii,399p _ccm. |
||
| 700 |
_a Peat D. _9698642 |
||
| 700 |
_a Windsor M. _9698643 |
||
| 942 |
_hZ3,93, Q5 _cTEXL _2CC |
||
| 999 |
_c1165216 _d1165216 |
||